| 000 -LEADER |
| fixed length control field |
00408pab a2200145 454500 |
| 008 - FIXED-LENGTH DATA ELEMENTS--GENERAL INFORMATION |
| fixed length control field |
180718bDec95-Jan96 xxu||||| |||| 00| 0 eng d |
| 100 ## - MAIN ENTRY--PERSONAL NAME |
| Personal name |
Grason, Jean-Pierre and Neymare, Kristen |
| 245 ## - TITLE STATEMENT |
| Title |
Integrating immigrants in urban life |
| 260 ## - PUBLICATION, DISTRIBUTION, ETC. |
| Date of publication, distribution, etc. |
Dec95-Jan96 |
| 300 ## - PHYSICAL DESCRIPTION |
| Extent |
p.31-32 |
| 650 ## - SUBJECT ADDED ENTRY--TOPICAL TERM |
| Topical term or geographic name entry element |
Emigration and immigration |
| 650 ## - SUBJECT ADDED ENTRY--TOPICAL TERM |
| Topical term or geographic name entry element |
Population migration |
| 773 ## - HOST ITEM ENTRY |
| Main entry heading |
OECD Observer |
| 909 ## - |
| -- |
30913 |